一、二、三、四類感染症クイズ - Statistics

General Stats
  • This quiz has been taken 10 times
  • The average score is 16 of 63
Answer Stats
Hint Answer % Correct
四類感染症 マラリア
100%
一類感染症 エボラ出血熱
89%
四類感染症 デング熱
78%
三類感染症 コレラ
67%
四類感染症 黄熱
67%
二類感染症 鳥インフルエンザ(H5N1)
67%
四類感染症 鳥インフルエンザ(H5N1・H7N9を除く)
67%
二類感染症 鳥インフルエンザ(H7N9)
67%
一類感染症 ペスト
44%
二類感染症 結核
44%
三類感染症 腸チフス
44%
四類感染症 狂犬病
44%
四類感染症 A型肝炎
44%
二類感染症 ポリオ(急性灰白髄炎)
33%
二類感染症 ジフテリア
33%
二類感染症 中東呼吸器症候群(MERS)
33%
二類感染症 重症急性呼吸器症候群(SARS)
33%
一類感染症 クリミア・コンゴ出血熱
22%
一類感染症 痘そう
22%
一類感染症 南米出血熱
22%
一類感染症 マールブルグ病
22%
一類感染症 ラッサ熱
22%
三類感染症 パラチフス
22%
四類感染症 ウエストナイル熱
22%
四類感染症 エムポックス
22%
四類感染症 炭疽
22%
四類感染症 ニパウイルス感染症
22%
四類感染症 日本脳炎
22%
四類感染症 E型肝炎
22%
四類感染症 重症熱性血小板減少症候群(SFTS)
22%
三類感染症 細菌性赤痢
11%
三類感染症 腸管出血性大腸菌感染症
11%
四類感染症 エキノコックス症
11%
四類感染症 オウム病
11%
四類感染症 オムスク出血熱
11%
四類感染症 回帰熱
11%
四類感染症 キャサヌル森林病
11%
四類感染症 コクシジオイデス症
11%
四類感染症 ジカウイルス感染症
11%
四類感染症 腎症候性出血熱
11%
四類感染症 西部ウマ脳炎
11%
四類感染症 チクングニア熱
11%
四類感染症 つつが虫病
11%
四類感染症 東部ウマ脳炎
11%
四類感染症 日本紅斑熱
11%
四類感染症 ハンタウイルス肺症候群
11%
四類感染症 鼻疽
11%
四類感染症 ブルセラ症
11%
四類感染症 ベネズエラウマ脳炎
11%
四類感染症 ヘンドラウイルス感染症
11%
四類感染症 発しんチフス
11%
四類感染症 ボツリヌス症
11%
四類感染症 野兎病
11%
四類感染症 ライム病
11%
四類感染症 リッサウイルス感染症
11%
四類感染症 リフトバレー熱
11%
四類感染症 類鼻疽
11%
四類感染症 レジオネラ症
11%
四類感染症 レプトスピラ症
11%
四類感染症 ロッキー山紅斑熱
11%
四類感染症 Bウイルス病
11%
四類感染症 Q熱
11%
四類感染症 ダニ媒介脳炎
0%
No matching quizzes found
Score Distribution
Percent of People with Each Score
Percentile by Number Answered
Your Score History
You have not taken this quiz